Wuthering heights. (Record no. 213171)
[ view plain ]
| 000 -LEADER | |
|---|---|
| fixed length control field | 00314nam a2200145Ia 4500 |
| 008 - FIXED-LENGTH DATA ELEMENTS--GENERAL INFORMATION | |
| fixed length control field | 210719s2000 xx 000 0 und d |
| 041 ## - LANGUAGE CODE | |
| Language code of text/sound track or separate title | eng |
| 082 ## - DEWEY DECIMAL CLASSIFICATION NUMBER | |
| Classification number | 823.8 BROW |
| 100 ## - MAIN ENTRY--PERSONAL NAME | |
| Personal name | BRONTE (Emily) |
| 245 ## - TITLE STATEMENT | |
| Title | Wuthering heights. |
| 260 ## - PUBLICATION, DISTRIBUTION, ETC. | |
| Date of publication, distribution, etc. | 2000 |
| 300 ## - PHYSICAL DESCRIPTION | |
| Other physical details | PB |
| 365 ## - TRADE PRICE | |
| Currency code | Rs |
| 650 ## - SUBJECT ADDED ENTRY--TOPICAL TERM | |
| Topical term or geographic name entry element | English Fiction |
| Withdrawn status | Lost status | Damaged status | Not for loan | Collection code | Home library | Current library | Date acquired | Total Checkouts | Full call number | Barcode | Date last seen | Date last checked out | Price effective from | Koha item type |
|---|---|---|---|---|---|---|---|---|---|---|---|---|---|---|
| St Aloysius Library | St Aloysius Library | 03/26/2004 | 3 | 823.8 BROW | D01270 | 04/01/2025 | 03/10/2025 | 07/19/2021 | Donated Books |